000 00675nam a22002177a 4500
003 0
005 20241119083230.0
008 241119b xxu||||| |||| 00| 0 eng d
020 _a9781529795141
050 _aBF 76.5
_b.H54 2023
100 _aHiggs, Suzanne,
_eauthor.
245 _aBiological psychology /
_cSuzanne Higgs, Alison Cooper, Jonathan Lee.
250 _a3rd ed.
260 _aLondon :
_bSAGE Publications Ltd,
_c2023.
300 _axvii, 610 p. :
_bcol. ill. ;
_c25 cm.
504 _aIncludes bibliographical references and index.
650 _aPsychobiology.
700 _aCooper, Alison,
_eauthor.
700 _aLee, Jonathan,
_eauthor.
942 _2lcc
_cBK
999 _c366756
_d366756